000 01088nam a2200253 a 4500
001 80791
003 BD-RjUL
005 20230607102919.0
008 221117s2009 bg a|||| m||| 00| 0 eng d
035 _a(BD-RjUL)80791
040 _aBD-RjUL
_beng
_cBD-RjUL
_dBD-RjUL
041 _aeng
082 _223
_a595.769
_bBAA 2009
100 _aBARI, MD. ABDUL
_95880
245 1 0 _aANTIMICROBIAL AND INSECTICIDAL ACTIVITIES OF SOLANUM TORVUM SW. ( SOLANACEAE ) AND SMILAX ZEYLANICA L. ( LILIACEAE) ON CRYPTOLESTES PUSILLUS (SCHON.) (COLEOPTERA : CUCUJIDAE) /
_cMD ABDUL BARI ;
_6Supervision : Md Wahedul Islam & Md Ataur Rahman Khan
260 _aRajshahi :
_bInstitute of Biological Sciences, University of Rajshahi,
_c2009
300 _a[17], 124 leaves :
_bill.;
_c29 cm.
502 _aThesis (M.Phil.) -- Institute of Biological Sciences, University of Rajshahi,2009
504 _aLiterature Cited : Leaves 103-124
650 _aCucujidae
_xColeoptera
_95881
700 _aIslam, Md Wahedul, Supervision
_93179
700 _aKhan, Md Ataur Rahman, Supervision
_95882
942 _2ddc
_cTHE
999 _c80791
_d80791